000 01975cam a22005054i 4500
003 PE-LiUPU
005 20250731173535.0
008 150616s r 000 0 d
020 _a0805411631
035 _a(Sirsi) i9780805411638
040 _aPE-LiUPU
_bspa
_cPE-LiUPU
_erda
049 _aPRUA
082 0 4 _b
_221
100 1 _aPyle, William T.,
_eautor.
245 1 0 _aExperiencing ministry supervision :
_ba field - based approach.
264 1 _aNashville, Tennessee :
_bBroadman and Holman Publishers,
_c1995.
300 _a149 páginas ;
_c22 centímetros
336 _atext
_2rdacontent
337 _aunmediated
_2rdamedia
338 _avolume
_2rdacarrier
504 _anotas bibliográficas.
505 0 _aAn introduction to theological field education.- Choosing a ministry placement and field supervisor.- Vocational discernment.- Designing a Learning covenant.
526 _aSEG42
526 _aSEG41
526 _aSEG40
526 _aSEG39
526 _aP94
526 _aP87
526 _aP86
526 _aP85
526 _aP77
526 _aP76
526 _aP35
650 0 4 _aTEOLOGIA PASTORAL - CAMPO DE TRABAJO.
910 _ajck
_bjvq
_cjck
942 _2ddc
_cBOOK
949 _a253 E35
_wDEWEY
_c1
_i42383
_lCCODEBUL1
_mBUL
_r0
_sY
_tBOOK
_u2015-4-23
_xTEOLOGIA
_zUNKNOWN
_0COMPRA
_o.STAFF. Colección General
949 _a253 E35
_wDEWEY
_c2
_i45766
_lCCODEBUL1
_mBUL
_r0
_sY
_tBOOK
_u2015-6-16
_xTEOLOGIA
_zUNKNOWN
_0COMPRA
_o.STAFF. Colección General
994 _aC0
_bPEPRU
596 _a1
999 _a253 E35
_wDEWEY
_c60219
_i42383
_f2021-11-10
_g5
_lCCODEBUL1
_mBUL
_r0
_sY
_tBOOK
_u2015-4-23
_xTEOLOGIA
_zUNKNOWN
_0COMPRA
_o.STAFF. Colección General
_d60219
999 _a253 E35
_wDEWEY
_c2
_i45766
_f2021-11-10
_g5
_lCCODEBUL1
_mBUL
_r0
_sY
_tBOOK
_u2015-6-16
_xTEOLOGIA
_zUNKNOWN
_0COMPRA
_o.STAFF. Colección General
980 _81
_gALBERTO SANCHEZ Responsable de Automatización